Design and implementation of a software GPS transceiver / (Record no. 182834)
[ view plain ]
| 000 -LEADER | |
|---|---|
| fixed length control field | 00845 a2200193 4500 |
| 003 - CONTROL NUMBER IDENTIFIER | |
| control field | NUST |
| 005 - DATE AND TIME OF LATEST TRANSACTION | |
| control field | 20251112172044.0 |
| 040 ## - CATALOGING SOURCE | |
| Transcribing agency | Nust |
| 082 ## - DEWEY DECIMAL CLASSIFICATION NUMBER | |
| Classification number | 621.382,GIL |
| 100 ## - MAIN ENTRY--PERSONAL NAME | |
| Personal name | Gilani , Bilal Syed NC ( TCC-12) |
| 9 (RLIN) | 131856 |
| 245 ## - TITLE STATEMENT | |
| Title | Design and implementation of a software GPS transceiver / |
| Statement of responsibility, etc. | NC Syed Bilal Gilani, PC Muhammad Shahid Ali and NC Changez Khan |
| 260 ## - PUBLICATION, DISTRIBUTION, ETC. | |
| Place of publication, distribution, etc. | Rawalpindi |
| Name of publisher, distributor, etc. | MCS (NUST) |
| Date of publication, distribution, etc. | 2004 |
| 300 ## - PHYSICAL DESCRIPTION | |
| Extent | 104 p.; |
| 505 ## - FORMATTED CONTENTS NOTE | |
| Formatted contents note | Introduction (Page-3), GPS Signal Structure & Receiver Modules (Page-14), position Calculation and Navigation Message Solution (Page-54), Implementation and Simulation Results (Page-74), Application of GPS Receiver (Page-87), Modernization of GPS System (Page-96). |
| 650 ## - SUBJECT ADDED ENTRY--TOPICAL TERM | |
| Topical term or geographic name entry element | UG Projects |
| 9 (RLIN) | 98716 |
| 651 ## - SUBJECT ADDED ENTRY--GEOGRAPHIC NAME | |
| Geographic name | TCC-12 |
| 9 (RLIN) | 131853 |
| 700 ## - ADDED ENTRY--PERSONAL NAME | |
| Personal name | Supervised by Naj Nadeem Akhtar |
| 9 (RLIN) | 131857 |
| 942 ## - ADDED ENTRY ELEMENTS (KOHA) | |
| Koha item type | Project Report |
| Source of classification or shelving scheme | |
| Withdrawn status | Lost status | Source of classification or shelving scheme | Damaged status | Not for loan | Permanent Location | Current Location | Shelving location | Date acquired | Full call number | Barcode | Date last seen | Price effective from | Koha item type | Public note |
|---|---|---|---|---|---|---|---|---|---|---|---|---|---|---|
| Military College of Signals (MCS) | Military College of Signals (MCS) | Reference | 12/12/2016 | 621.382,GIL | MCSPTC-55 | 12/08/2016 | 12/12/2016 | Project Report | Almirah No. 94, Shelf No. 1 |
